Consolidação de entendimentos técnicos : (Record no. 567)

MARC details
000 -LÍDER
Campo Fixo de Controle 01098nam a2200277 a 4500
001 - NÚMERO DE CONTROLE
Campo de Controle 567
003 - IDENTIFICAÇÃO DO NÚMERO DE CONTROLE
Campo de Controle BR-CuiBMT
005 - DATA E HORA DA ÚLTIMA ATUALIZAÇÃO
Campo de Controle 20231129223138.0
008 - DADOS FIXOS
Dados Fixos 230711s2014 mtb s000 0 por d
020 ## - INTERNATIONAL STANDARD BOOK NUMBER
Nº do ISBN 9788598587394
040 ## - AGÊNCIA CATALOGADORA
Código da Agência Catalogadora BR-CuiBMT
Agência que transcreveu o registro BR-CuiBMT
080 ## - Nº DA CLASSIFICAÇÃO DECIMAL UNIVERSAL
Nº Class. CDU 351.94:336.148
Nº edição CDU 2007
090 ## - NÚMERO DE CHAMADA
Complemento TCE/MT
Nº classificação 351.94:336.148
Cutter M433c
Ano/Edição 6. ed.
110 1# - ENTRADA PRINCIPAL -- ENTIDADE
Nome da entidade ou lugar Mato Grosso.
Unidade subordinada Tribunal de Contas.
245 10 - TÍTULO PRINCIPAL
Título principal Consolidação de entendimentos técnicos :
Subtítulo súmulas e prejulgados /
Indicação de responsabilidade Tribunal de Contas de Mato Grosso.
250 ## - EDIÇÃO
Edição 6. ed., rev. e ampl.
260 ## - PUBLICAÇÃO, DISTRIBUIÇÃO, ETC.
Local de publicação Cuiabá :
Editora Publicontas,
Data 2014.
300 ## - DESCRIÇÃO FÍSICA
N. páginas ou volumes 304 p. ;
Dimensões 23 cm
500 ## - NOTAS GERAIS
Notas gerais Publicações do Diário Oficial do Estado de Mato Grosso e do Diário Oficial de Contas do TCE-MT. Período de janeiro/2001 a janeiro/2014.
504 ## - NOTA DE BIBLIOGRAFIA, ETC.
Nota de bibliografia Inclui bibliografia.
610 1# - ASSUNTO -- ENTIDADE
Nome da Entidade ou lugar Mato Grosso.
Unidade subordinada Tribunal de Contas
Subdivisão geral Controle externo
650 ## - ASSUNTO TÓPICO
Cabeçalho tópico ou nome geográfico Controle administrativo
Subdivisão geográfica Mato Grosso
650 ## - ASSUNTO TÓPICO
Cabeçalho tópico ou nome geográfico Fiscalização
Subdivisão geral Tribunal de contas
Subdivisão geográfica Mato Grosso
650 ## - ASSUNTO TÓPICO
Cabeçalho tópico ou nome geográfico Orientações técnicas
Subdivisão geral Administração pública
Subdivisão geográfica Mato Grosso
942 ## - ELEMENTOS DE ENTRADA ADICIONAIS (KOHA)
Fonte de classificação ou esquema de arquivamento Classificação Decimal Universal
Tipo de item do Koha Livros
Holdings
Estado: removido Estado: perdido Fonte de classificação ou esquema de arquivamento Estado: danificado Indisponível para empréstimo Localização permanente Localização atual Data de aquisição Total Checkouts Número de Chamada completo Código de barras Date last seen Número do exemplar Preço efetivo a partir de Tipo de item (Koha)
    Classificação Decimal Universal     Biblioteca da Escola Superior de Contas do TCE/MT Biblioteca da Escola Superior de Contas do TCE/MT 09/11/2023   TCE/MT 351.94:336.148 M433c 6. ed. BIBTCEMT23110367 09/11/2023 Ex. 1 09/11/2023 Livros
    Classificação Decimal Universal     Biblioteca da Escola Superior de Contas do TCE/MT Biblioteca da Escola Superior de Contas do TCE/MT 09/11/2023   TCE/MT 351.94:336.148 M433c 6. ed. BIBTCEMT23110368 09/11/2023 Ex. 2 09/11/2023 Livros
    Classificação Decimal Universal     Biblioteca da Escola Superior de Contas do TCE/MT Biblioteca da Escola Superior de Contas do TCE/MT 29/11/2023   TCE/MT 351.94:336.148 M433c 6. ed. BIBTCEMT23111338 29/11/2023 Ex. 3 29/11/2023 Livros
    Classificação Decimal Universal     Biblioteca da Escola Superior de Contas do TCE/MT Biblioteca da Escola Superior de Contas do TCE/MT 29/11/2023   TCE/MT 351.94:336.148 M433c 6. ed. BIBTCEMT23111339 29/11/2023 Ex. 4 29/11/2023 Livros
    Classificação Decimal Universal     Biblioteca da Escola Superior de Contas do TCE/MT Biblioteca da Escola Superior de Contas do TCE/MT 29/11/2023   TCE/MT 351.94:336.148 M433c 6. ed. BIBTCEMT23111340 29/11/2023 Ex. 5 29/11/2023 Livros

Powered by Koha